| 000 | 00555nam a2200157 a 4500 | ||
|---|---|---|---|
| 008 | 120416s0000 ||||||||||||||||| || u | ||
| 020 | _a0824714431 | ||
| 050 | _aTP 245.C4 Mat | ||
| 100 | _aMattson, James S | ||
| 245 | 1 | 0 | _aActivated carbon |
| 246 | _asurface chemistry and adsorption from solution | ||
| 260 |
_aNew York _bMarcel Dekker _c1971 |
||
| 300 | _avii, 237p. : ill. | ||
| 350 | _a0.00 | ||
| 995 |
_D0.00 _FCBU-MAIN LIBRARY (Kitwe) _H1 _I9.40 _UAVAILABLE _ZAnnex Low-Usage Collection |
||
| 999 |
_c33429 _d33429 |
||